| 000 | 00643nam a2200205 a 4500 | ||
|---|---|---|---|
| 005 | 20140412111350.0 | ||
| 008 | 050426s19uu xx 00 eng d | ||
| 020 | _a0-02-660945-2 | ||
| 050 |
_aTR(GS 372.4 _bC315 2000 |
||
| 100 | _aCave, Linda | ||
| 245 |
_aThe king's ring : _bdecodable book / _cby Linda Cave ; illustrated by Kersti Frigell. |
||
| 260 |
_aColumbus, Ohio : _bSRA/McGraw-Hill, _c2000. |
||
| 300 | _a16 p. ; ill. | ||
| 440 | _aSRA Open Court Reading | ||
| 500 | _aLevel C, Set 1, Book 15 | ||
| 650 |
_aReading _xPhonetics _xJuvenile literature |
||
| 650 |
_aKing _xFiction |
||
| 650 | _aChildren stories | ||
| 999 |
_c105309 _d105309 |
||